Zanjatost' v uslovijach intensifikacii proizvodstva /

Uložené v:
Podrobná bibliografia
Hlavný autor: Ruzavina, Jekaterina Ivanovna (Author)
Médium: Kniha
Jazyk:Russian
Vydané: Moskva : Statistika, 1975.
Vydanie:1. izd.
ISBN: (brož.)
Fyzický popis: 122 s.
Tagy: Pridať tag
Žiadne tagy, Buďte prvý kto otaguje tento záznam!

MARC

LEADER 00000nam a22000004a 4500
001 000511113
005 20160704190701.0
008 160629s1975 ru e 000 0 rus d
020 |a (brož.)  |z Kčs 8,50 
040 |a SVKKK  |b slo  |c SVKKK  |e AACR2 
041 0 |a rus 
044 |a ru  |c RU 
100 1 |a Ruzavina, Jekaterina Ivanovna  |4 aut 
245 1 0 |a Zanjatost' v uslovijach intensifikacii proizvodstva /  |c Jekaterina Ivanovna Ruzavina. 
250 |a 1. izd. 
260 |a Moskva :  |b Statistika,  |c 1975. 
300 |a 122 s. 
910 |a svkkk 
998 |a BK 
090 |g SCKHL  |k Sklad Pribinova 2. posch.  |a II.224057  |j 543559  |i 511113-10  |s Absenčne